| 000 | 00589 a2200193 4500 | ||
|---|---|---|---|
| 020 | _a0-669-29626-0 | ||
| 040 |
_aLibrary of Congress _bEnglish |
||
| 082 | _a500.2 | ||
| 082 | _a500.2 | ||
| 100 | 1 | _aShipman, James T. | |
| 245 | 0 | 3 |
_aAn introduction to physical science _cJames T. Shipman, Jerry D. Wilson, Aaron W. Todd |
| 250 | _a7. ed. | ||
| 260 |
_aLexington, Mass. : _bD. C. Heath and Co., _ccop. 1993 |
||
| 300 |
_axxii, 733, 54 p. : _bcol. ill. ; _c27 cm. |
||
| 650 | 0 | _aPhysical sciences | |
| 700 | 1 | _aWilson, Jerry D. | |
| 700 | 1 | _aTodd, Aaron W. | |
| 942 |
_cBK _k500.2 SHI _2ddc |
||
| 999 |
_c7381 _d7381 |
||